| Tag |
First Indicator |
Second Indicator |
Subfields |
| LEADER |
00000cam a2200000Ii 4500 |
| 001 |
in00003733821 |
| 005 |
20170926152130.0 |
| 008 |
160422s2016 nyua b 001 0 eng d |
| 020 |
|
|
|a 9781137436924
|
| 020 |
|
|
|a 1137436921
|
| 035 |
|
|
|a (OCoLC)ocn947815881
|
| 040 |
|
|
|a BTCTA
|c BTCTA
|d YDX
|d CDX
|d UtOrBLW
|
| 049 |
|
|
|a TXAM
|
| 050 |
|
4 |
|a PN56.D55
|b E27 2016
|
| 245 |
0 |
0 |
|a Early modern diplomacy, theatre and soft power :
|b the making of peace /
|c Nathalie Rivere de Carles, editor.
|
| 264 |
|
1 |
|a New York :
|b Palgrave Macmillan,
|c ©2016.
|
| 300 |
|
|
|a xv, 239 pages :
|b illustrations ;
|c 21 cm.
|
| 336 |
|
|
|a text
|b txt
|2 rdacontent
|
| 337 |
|
|
|a unmediated
|b n
|2 rdamedia
|
| 338 |
|
|
|a volume
|b nc
|2 rdacarrier
|
| 490 |
1 |
|
|a Early Modern Literature in History
|
| 504 |
|
|
|a Includes bibliographical references (pages 221-231) and index.
|
| 650 |
|
0 |
|a Diplomacy in literature.
|0 http://id.loc.gov/authorities/subjects/sh94003925
|
| 700 |
1 |
|
|a Rivère de Carles, Nathalie,
|e editor.
|
| 830 |
|
0 |
|a Early modern literature in history (Palgrave Macmillan (Firm))
|0 http://id.loc.gov/authorities/names/n2002035268
|
| 945 |
|
|
|b 944176
|
| 947 |
|
|
|a A14850017568
|
| 948 |
|
|
|a cataloged
|b h
|c 2017/1/26
|d c
|e dmitchel
|f 9:50:30 am
|
| 994 |
|
|
|a 92
|b TXA
|
| 999 |
f |
f |
|s dc5e4834-c737-3925-8950-7e69de95e4d7
|i b3b9266b-85a8-34de-b5fb-20aefa1c4486
|t 0
|
| 952 |
f |
f |
|p normal
|a Texas A&M University
|b College Station
|c Sterling C. Evans Library
|d Evans: Library Stacks
|t 0
|e PN56.D55 E27 2016
|h Library of Congress classification
|i unmediated -- volume
|m A14850017568
|
| 998 |
f |
f |
|a PN56.D55 E27 2016
|t 0
|l Evans: Library Stacks
|